[Event "Druzynowe Mistrzostwa Polski - II liga"]
[Site "Dom Wczasowy VIS Jastrzebia Gora"]
[Date "1899-12-30"]
[Round "2.63"]
[White "Paprocki, Jaroslaw"]
[Black "Denderski, Piotr"]
[Result "1/2-1/2"]
[WhiteTitle "k++"]
[BlackTitle "k"]
[WhiteElo "2170"]
[BlackElo "2246"]

1. e4 c5 2. Nf3 d6 3. d4 cxd4 4. Nxd4 Nf6 5. Nc3 Nc6 6. Bg5 e6 7. Qd2 a6 8. O-O-O
Bd7 9. f3 Be7 10. h4 h5 11. Nb3 b5 12. Bxf6 gxf6 13. f4 Na5 14. f5 Rc8 15. Nxa5
Qxa5 16. Bd3 b4 17. Ne2 Qxa2 18. Qxb4 d5 19. Qb7 Bf8 20. Kd2 dxe4 21. Bxe4 Qa5+
22. Nc3 Rd8 23. Ke2 Qe5 24. Rh3 Rg8 25. Rhd3 Bc5 26. Re1 Rxg2+ 27. Kd1 Rg1 28.
Rxg1 Bxg1 29. Bc6 Bxc6 30. Qxc6+ Ke7 31. Qb7+ Ke8 32. Qc6+ Ke7 33. Qb7+ Ke8 34.
Ke2 1/2-1/2

[Event "Druzynowe Mistrzostwa Polski - II liga"]
[Site "Dom Wczasowy VIS Jastrzebia Gora"]
[Date "1899-12-30"]
[Round "2.64"]
[White "Kaliszuk, Kamil"]
[Black "Popiol, Michal"]
[Result "1-0"]
[WhiteTitle "k"]
[BlackTitle "CM"]
[WhiteElo "2067"]
[BlackElo "2183"]

1. e4 c5 2. Nf3 d6 3. Bb5+ Nd7 4. c3 a6 5. Ba4 Ngf6 6. Qe2 e5 7. O-O Be7 8. d4
O-O 9. Rd1 b5 10. dxe5 dxe5 11. Bc2 Qc7 12. c4 b4 13. Nbd2 Rd8 14. Nf1 Bb7 15.
b3 Nb8 16. Bg5 Nc6 17. Ne3 Nd4 18. Nxd4 cxd4 19. Bxf6 Bxf6 20. Nd5 Qd6 21. Bd3
Rac8 22. Nxf6+ Qxf6 23. a3 bxa3 24. Rxa3 g6 25. b4 Ra8 26. c5 Qc6 27. Rda1 Rdb8
28. f3 Bc8 29. Bc4 Qc7 30. Qd2 Ra7 31. Bxa6 Rba8 32. Qd3 Qc6 33. Bc4 Rxa3 34.
Rxa3 Rb8 35. Bd5 Qf6 36. b5 Qg5 37. Ra1 Bh3 38. g3 Rxb5 39. f4 exf4 40. Qxb5 fxg3
41. Qb8+ Kg7 42. Qxg3 1-0

[Event "Druzynowe Mistrzostwa Polski - II liga"]
[Site "Dom Wczasowy VIS Jastrzebia Gora"]
[Date "1899-12-30"]
[Round "2.65"]
[White "Wolanski, Michal"]
[Black "Bednarski, Dawid"]
[Result "1-0"]
[WhiteTitle "I++"]
[BlackTitle "I+"]
[WhiteElo "1918"]
[BlackElo "1989"]

1. c4 c5 2. Nc3 Nc6 3. g3 g6 4. Bg2 Bg7 5. Nf3 d6 6. O-O e5 7. Ne1 Nge7 8. Nc2
Be6 9. Ne3 h5 10. Ned5 Bxd5 11. Nxd5 Qd7 12. d3 h4 13. Nxe7 Nxe7 14. Rb1 a5 15.
a3 Nc6 16. Bd2 O-O 17. b4 axb4 18. axb4 Ra2 19. bxc5 dxc5 20. Be3 Nd4 21. Rxb7
Qg4 22. Bxd4 exd4 23. Bf3 Qf5 24. Qb3 Ra6 25. Qb5 Re6 26. Rc7 Re5 27. Qd7 Qf6
28. Ra1 Rd8 29. Rc8 Rxc8 30. Qxc8+ Kh7 31. Ra7 Rf5 32. Qb7 h3 33. Qe7 Qb6 34.
Rb7 Qa5 35. Rb1 Rf6 36. Qd7 Rf5 37. Be4 Qa2 38. Rf1 Rf6 39. Qxh3+ Kg8 40. Qc8+
Bf8 41. Qg4 Rb6 42. h4 Kg7 43. h5 Qd2 44. hxg6 fxg6 45. Qd7+ Kh6 46. Qd8 1-0

[Event "Druzynowe Mistrzostwa Polski - II liga"]
[Site "Dom Wczasowy VIS Jastrzebia Gora"]
[Date "1899-12-30"]
[Round "2.66"]
[White "Orlik, Sandra"]
[Black "Paprocka, Renata"]
[Result "1-0"]
[WhiteTitle "I++"]
[BlackTitle "WFM"]
[WhiteElo "1840"]
[BlackElo "1869"]

1. e4 e5 2. Nf3 d6 3. d4 Nf6 4. Bd3 Nbd7 5. c3 Be7 6. Nbd2 c6 7. Qc2 O-O 8. O-O
Qc7 9. Re1 Re8 10. a4 Nf8 11. b4 Ng6 12. dxe5 dxe5 13. Bc4 h6 14. Nf1 Bg4 15.
N3d2 Rad8 16. Ne3 Bc8 17. Nf5 Bf8 18. Nf1 Nf4 19. a5 Bxf5 20. exf5 e4 21. Ng3
1-0

[Event "Druzynowe Mistrzostwa Polski - II liga"]
[Site "Dom Wczasowy VIS Jastrzebia Gora"]
[Date "1899-12-30"]
[Round "2.67"]
[White "Kempinski, Tomasz"]
[Black "Putlak, Wojciech"]
[Result "1/2-1/2"]
[WhiteTitle "FM"]
[BlackTitle "I++"]
[WhiteElo "2181"]
[BlackElo "1994"]

1. e4 e6 2. d4 d5 3. e5 c5 4. c3 Nc6 5. Nf3 Qb6 6. Be2 Bd7 7. dxc5 Bxc5 8. O-O
a5 9. Nbd2 a4 10. b4 axb3 11. Nxb3 Ba3 12. Bxa3 Rxa3 13. Qc1 Ra8 14. Qg5 g6 15.
Rfb1 h6 16. Qd2 Qc7 17. Nc5 Bc8 18. Bb5 Nge7 19. c4 Kf8 20. cxd5 Nxd5 21. Rc1
Kg7 22. Ne4 Qa5 23. Bxc6 Qxd2 24. Nfxd2 bxc6 25. Rxc6 Bb7 26. Rcc1 Nf4 27. Rc4
Bd5 28. Rc7 Rxa2 29. Rxa2 Bxa2 30. Nd6 Rf8 31. g3 Nd3 32. f4 Bd5 33. Kf1 Nb4 34.
Ke2 Na6 35. Ra7 Nb4 36. Ke3 Nc2+ 37. Kd3 Nb4+ 38. Kc3 Nc6 39. Rc7 g5 40. N2e4
Kg6 41. Nf6 Bf3 42. h4 gxh4 43. gxh4 h5 44. Kc4 Ra8 45. Kc5 Nd8 46. Rd7 Rb8 47.
Kc4 Ra8 48. Re7 Nc6 49. Rc7 Ra4+ 50. Kd3 Rxf4 51. Ke3 Rxh4 52. Kxf3 Nxe5+ 53.
Kg3 Rd4 54. Nfe8 h4+ 55. Kh3 Rf4 56. Rc1 Nf3 57. Nc4 Ng5+ 58. Kg2 h3+ 59. Kg3
Rf3+ 60. Kh4 f6 61. Ned6 Rd3 62. Ra1 e5 63. Kg4 Rf3 64. Rb1 h2 65. Rh1 f5+ 66.
Nxf5 Rxf5 67. Nxe5+ Rxe5 68. Rxh2 Re4+ 69. Kg3 Ra4 70. Rb2 Ne6 71. Rb8 Kf5 72.
Rb5+ Ke4 73. Rb6 Nd4 74. Rb8 Nf5+ 75. Kg4 Ke5+ 76. Kg5 Nd6 77. Rb1 Re4 78. Ra1
Ke6 79. Ra6 Rb4 80. Rc6 Kd5 81. Rc1 Rd4 82. Ra1 Rd2 83. Ra5+ Ke6 84. Ra6 Ke5 85.
Ra5+ Rd5 86. Rxd5+ 1/2-1/2

[Event "Druzynowe Mistrzostwa Polski - II liga"]
[Site "Dom Wczasowy VIS Jastrzebia Gora"]
[Date "1899-12-30"]
[Round "2.68"]
[White "Reshetniak, Vitaliy"]
[Black "Rusiniak, Slawomir"]
[Result "1/2-1/2"]
[WhiteTitle "I"]
[BlackTitle "k"]
[WhiteElo "2020"]
[BlackElo "2122"]

1. d4 g6 2. c4 Bg7 3. e4 d6 4. Nc3 Nc6 5. Be3 e5 6. Nge2 Nf6 7. d5 Ne7 8. h3 O-O
9. g4 Nd7 10. Ng3 f5 11. gxf5 gxf5 12. exf5 Nf6 13. Qd2 Nxf5 14. Nxf5 Bxf5 15.
O-O-O Ne4 16. Nxe4 Bxe4 17. Rg1 Kh8 18. Bd3 Bxd3 19. Qxd3 Qf6 20. Rg3 Bh6 21.
Rdg1 Bf4 22. Rg4 Qh6 23. R1g3 Rf7 24. Kc2 Raf8 25. Qe4 Qh5 26. Rf3 Bxe3 27. Rxf7
Rxf7 28. fxe3 Qxh3 29. Rg2 Rf3 30. Re2 Qf5 31. Kd3 h6 32. c5 Kg7 33. cxd6 cxd6
34. Rg2+ Kh7 35. Rc2 Qxe4+ 36. Kxe4 Rf7 37. Rh2 Rf1 38. Rc2 Rf7 39. Rh2 a6 40.
a3 Rf6 41. Rc2 Kg6 42. Rg2+ Kf7 43. Rc2 Ke8 44. Rc7 Rf7 45. Rc8+ Kd7 46. Rh8 Rf6
47. Rh7+ Kc8 48. b4 Kb8 49. a4 a5 50. bxa5 Ka7 51. Rh8 b6 52. axb6+ Kxb6 53. Rb8+
Ka5 54. Ra8+ Kb4 55. Ra7 Kc5 56. Rc7+ Kb6 57. Rc8 Ka5 58. Ra8+ Kb4 1/2-1/2

[Event "Druzynowe Mistrzostwa Polski - II liga"]
[Site "Dom Wczasowy VIS Jastrzebia Gora"]
[Date "1899-12-30"]
[Round "2.69"]
[White "Bartkowiak, Damian"]
[Black "Brylowski, Marian"]
[Result "0-1"]
[WhiteTitle "k"]
[BlackTitle "I++"]
[WhiteElo "2102"]
[BlackElo "2065"]

1. d4 d5 2. Nf3 e6 3. c4 c5 4. cxd5 exd5 5. g3 Nc6 6. Bg2 c4 7. O-O Bb4 8. b3 cxb3
9. Qxb3 Nge7 10. Bg5 h6 11. Bf4 O-O 12. Nc3 Be6 13. Rfc1 Rc8 14. Na4 b6 15. Nb2
Bd6 16. Nd3 Ng6 17. Bd2 Qd7 18. a4 Rb8 19. e3 Rfc8 20. Bf1 Nce7 21. Rxc8+ Nxc8
22. Bb4 f6 23. Bxd6 Qxd6 24. Nb4 Nce7 25. Na6 Rc8 26. a5 bxa5 27. Rxa5 Bg4 28.
Ne1 Rc1 29. Nd3 Rb1 30. Nb2 Rxf1+ 31. Nc4 dxc4+ 32. Kxf1 Kh7 33. Qxc4 Qc5 34.
Nxc5 0-1

[Event "Druzynowe Mistrzostwa Polski - II liga"]
[Site "Dom Wczasowy VIS Jastrzebia Gora"]
[Date "1899-12-30"]
[Round "2.70"]
[White "Marszk, Kazimierz"]
[Black "Walkusz, Witoslaw"]
[Result "1-0"]
[WhiteTitle "k"]
[BlackTitle "FM"]
[WhiteElo "1872"]
[BlackElo "1904"]

1. g3 Nf6 2. Bg2 e5 3. Nf3 Nc6 4. O-O e4 5. Ng5 d5 6. c4 h6 7. cxd5 hxg5 8. dxc6
b6 9. d3 Bh3 10. Bxh3 Rxh3 11. Bxg5 Rh5 12. h4 Qc8 13. Bxf6 gxf6 14. e3 Rxh4 15.
dxe4 Bd6 16. Qf3 Qh3 17. Qg2 Qxg2+ 18. Kxg2 Rxe4 19. Nd2 Re6 20. Rac1 Rd8 21.
Rc2 f5 22. Rh1 Ke7 23. Rh5 Kf6 24. Nf3 Kg6 25. Rg5+ Kf6 26. Rh5 Kg6 27. Rh4 Re4
28. Rc4 Rde8 29. b3 b5 30. Rd4 a5 31. Rd5 Rb8 32. Rxe4 fxe4 33. Nd4 Kf6 34. Rxb5
Rxb5 35. Nxb5 Be5 36. f4 exf3+ 37. Kxf3 Ke6 38. e4 f6 39. g4 Bh2 40. Ke2 Be5 41.
Kd3 Bg3 42. Kc4 Bf4 43. a4 Bg3 44. b4 Be1 45. Nxc7+ Kd6 46. Kd4 1-0

[Event "Druzynowe Mistrzostwa Polski - II liga"]
[Site "Dom Wczasowy VIS Jastrzebia Gora"]
[Date "1899-12-30"]
[Round "2.71"]
[White "Andrzejewska, Anna"]
[Black "Grajczak, Adrian"]
[Result "1-0"]
[WhiteTitle "WCM"]
[BlackTitle "I++"]
[WhiteElo "1910"]
[BlackElo "1831"]

1. e4 c5 2. Nf3 Nc6 3. d4 cxd4 4. Nxd4 Nf6 5. Nc3 e6 6. Ndb5 Bc5 7. Nd6+ Ke7 8.
Nxc8+ Rxc8 9. Bd3 h6 10. O-O a6 11. Kh1 b5 12. a3 d6 13. f4 Qd7 14. Qe1 Qa7 15.
e5 dxe5 16. fxe5 Nxe5 17. Qxe5 Ng4 18. Rxf7+ Kxf7 19. Qh5+ Ke7 20. Qxg4 Bd4 21.
Bd2 Qc5 22. Re1 Be5 23. Qe4 Kd6 24. Nxb5+ 1-0

[Event "Druzynowe Mistrzostwa Polski - II liga"]
[Site "Dom Wczasowy VIS Jastrzebia Gora"]
[Date "1899-12-30"]
[Round "2.72"]
[White "Baginskaite, Kamile"]
[Black "Mlynarska, Sylwia"]
[Result "1-0"]
[WhiteTitle "WGM"]
[BlackTitle "k+"]
[WhiteElo "2125"]
[BlackElo "1922"]

1. d4 d5 2. c4 e6 3. Nc3 Nf6 4. cxd5 exd5 5. Bg5 Be7 6. e3 Nbd7 7. Bd3 O-O 8. Nge2
c6 9. Qc2 h6 10. Bh4 Re8 11. O-O Nh5 12. Bxe7 Qxe7 13. Rae1 Nf8 14. Nc1 Bd7 15.
Nb3 Rad8 16. Nc5 Bc8 17. Bf5 Bxf5 18. Qxf5 Nf6 19. b4 Ne6 20. Qb1 Ng5 21. b5 b6
22. Nd3 c5 23. Ne5 Qc7 24. Rc1 Nge4 25. Nxe4 Nxe4 26. Rfd1 c4 27. f3 Nd6 28. e4
dxe4 29. fxe4 Nxe4 30. Qxe4 1-0

[Event "Druzynowe Mistrzostwa Polski - II liga"]
[Site "Dom Wczasowy VIS Jastrzebia Gora"]
[Date "1899-12-30"]
[Round "2.74"]
[White "Zerebiec, Maurycy"]
[Black "Pulik, Krzysztof"]
[Result "1/2-1/2"]
[WhiteTitle "I++"]
[BlackTitle "k"]
[WhiteElo "1885"]
[BlackElo "2046"]

1. c4 e6 2. Nc3 d5 3. d4 Nf6 4. cxd5 exd5 5. Bg5 Be7 6. Qc2 O-O 7. e3 b6 8. Nf3
Bb7 9. Bd3 Nbd7 10. O-O h6 11. Bh4 Nh5 12. Bxe7 Qxe7 13. Ne2 c6 14. a4 a5 15.
Bf5 Nhf6 16. Nf4 Rfe8 17. Rfc1 g6 18. Bxd7 Nxd7 19. Nd3 Qd6 20. Ra3 Rac8 21. Rc3
Rc7 22. Nfe5 Nxe5 23. Nxe5 c5 24. f4 c4 25. b3 cxb3 26. Qxb3 Rxc3 27. Rxc3 Rc8
28. Kf2 Kg7 29. g4 f6 30. Nf3 Rxc3 31. Qxc3 Qc6 32. Qa3 Kf7 33. g5 hxg5 34. fxg5
Bc8 35. gxf6 Qxf6 36. Kg3 Kg7 37. h4 Bf5 38. Qc1 Qd6+ 39. Ne5 Kf8 40. Qf1 Kg7
41. Qa6 Qc7 42. Qa8 Qc1 43. Nf3 Qxe3 44. Qxd5 Be4 45. Qe5+ Kg8 46. Qe8+ Kg7 47.
Qe7+ Kg8 48. Qf6 Kh7 49. Qf7+ Kh6 50. d5 Bxf3 51. Qxf3 Qg1+ 52. Kf4 Qd4+ 53. Qe4
Qf6+ 54. Kg4 Kg7 55. Qd3 Qd6 56. Qd4+ Kf7 57. Qf4+ Ke7 58. Qe4+ Kf7 59. Qf3+ Kg7
60. Qc3+ Kf7 61. Qf3+ Kg7 62. Qe4 Kf7 63. Kf3 Qa3+ 64. Kf4 Qd6+ 65. Qe5 Qd7 66.
Qd4 Qd6+ 67. Ke4 Qe7+ 68. Kf3 Qd6 69. Ke2 Qh2+ 70. Kd3 Qd6 71. Qf2+ Ke7 72. Ke4
Ke8 73. Qe3 Kd7 74. Qd4 Qe7+ 75. Kf3 Qd6 76. Qg7+ Ke8 77. Qg8+ Ke7 78. Kg4 Qf6
79. Qa8 Qf5+ 80. Kg3 Qe5+ 81. Kf3 1/2-1/2

[Event "Druzynowe Mistrzostwa Polski - II liga"]
[Site "Dom Wczasowy VIS Jastrzebia Gora"]
[Date "1899-12-30"]
[Round "2.75"]
[White "Wozniak, Maciej"]
[Black "Grzesik, Norbert"]
[Result "1-0"]
[WhiteTitle "k"]
[BlackTitle "I++"]
[WhiteElo "2022"]
[BlackElo "1983"]

1. e4 c5 2. Nf3 Nc6 3. d4 cxd4 4. Nxd4 e5 5. Nb5 d6 6. N1c3 a6 7. Na3 b5 8. Nd5
Nge7 9. c4 Nd4 10. Bd3 Nxd5 11. cxd5 Be7 12. O-O O-O 13. Be3 f5 14. Bxd4 exd4
15. exf5 Bxf5 16. Bxf5 Rxf5 17. Qxd4 Bf6 18. Qd2 Qb6 19. Rad1 Re8 20. Nc2 Ree5
21. Qd3 Rh5 22. Ne3 Reg5 23. b3 Rg6 24. Rc1 Be5 25. Rc8+ Kf7 26. Rfc1 Qd4 27.
R1c7+ Kf6 28. Rf8+ Kg5 29. Rf5+ Kh6 30. Rxh5+ Kxh5 31. Qf5+ Kh6 32. Qh3+ Kg5 33.
Qf5+ Kh6 34. g4 Rg5 35. Qe6+ g6 36. h4 Qf4 37. hxg5+ Kxg5 38. Rxh7 1-0

[Event "Druzynowe Mistrzostwa Polski - II liga"]
[Site "Dom Wczasowy VIS Jastrzebia Gora"]
[Date "1899-12-30"]
[Round "2.76"]
[White "Rymaszewski, Dariusz"]
[Black "Wozny, Tomasz"]
[Result "0-1"]
[WhiteTitle "k"]
[BlackTitle "I"]
[WhiteElo "2050"]
[BlackElo "1761"]

1. g3 d5 2. Bg2 Nf6 3. c4 c6 4. Nf3 e6 5. b3 Nbd7 6. O-O Be7 7. Bb2 O-O 8. Nc3
b6 9. d3 Bb7 10. e4 dxe4 11. dxe4 e5 12. Qc2 Qc7 13. Rfd1 Rad8 14. Rd2 Nc5 15.
Rad1 Rxd2 16. Rxd2 Ne8 17. Nd1 f6 18. Ne3 Nd6 19. Nh4 g6 20. b4 Ne6 21. c5 Nf7
22. Nd5 cxd5 23. exd5 Ng7 24. d6 Bxd6 25. Bxb7 bxc5 26. Bd5 cxb4 27. Qb3 Rd8 28.
Ng2 Nf5 29. Rc2 Qe7 30. Ne3 Nxe3 31. fxe3 Kg7 32. e4 Ng5 33. h4 Nf7 0-1

[Event "Druzynowe Mistrzostwa Polski - II liga"]
[Site "Dom Wczasowy VIS Jastrzebia Gora"]
[Date "1899-12-30"]
[Round "2.77"]
[White "Wozniak, Marcin"]
[Black "Paprocki, Artur"]
[Result "0-1"]
[WhiteTitle "I++"]
[BlackTitle "I"]
[WhiteElo "1821"]
[BlackElo "1800"]

1. e4 c5 2. Nc3 Nc6 3. g3 g6 4. Bg2 Bg7 5. d3 e6 6. Be3 d6 7. f4 Nge7 8. Nf3 O-O
9. O-O b6 10. Qd2 d5 11. exd5 exd5 12. Bf2 d4 13. Nb1 Be6 14. h3 Qd7 15. g4 Rae8
16. Na3 f5 17. g5 Nc8 18. Rae1 Nd6 19. h4 Nf7 20. h5 Bd5 21. Nh4 Bxg2 22. Kxg2
Ne7 23. hxg6 Nxg6 24. Rh1 Rxe1 25. Bxe1 Re8 26. Nxg6 hxg6 27. Kf1 Qd5 28. Rh3
Qxa2 29. Bf2 Qxb2 30. Nc4 Qc3 31. Qd1 b5 32. Nd2 Qa5 33. Nf3 Qc7 34. Qd2 Re6 35.
Nh4 Nd6 36. Qd1 Qf7 37. Qa1 Nc8 38. Qa5 Qd7 39. Kg2 Nb6 40. Qa2 Qd5+ 41. Qxd5
Nxd5 42. Rh1 Nxf4+ 43. Kf3 Nd5 44. Ra1 a6 45. Bg3 Kf7 46. Ng2 Ke7 47. Bb8 Kd7
48. Rh1 Ke8 49. Rh7 Kf8 50. Rh1 Kf7 51. Ra1 Ne3 52. Nf4 Rc6 53. Ra2 c4 54. Ke2
cxd3+ 55. Kxd3 Rc3+ 56. Kd2 Nc4+ 57. Kc1 Ra3 58. Rxa3 Nxa3 59. Ba7 Nc4 60. Bc5
Na5 61. Nd5 Be5 62. Kd1 Nc6 63. Ke2 Ke6 64. Ke1 0-1

[Event "Druzynowe Mistrzostwa Polski - II liga"]
[Site "Dom Wczasowy VIS Jastrzebia Gora"]
[Date "1899-12-30"]
[Round "2.78"]
[White "Korosciel, Aneta"]
[Black "Trybowska, Barbara"]
[Result "1-0"]
[WhiteTitle "m"]
[BlackTitle "I++"]
[WhiteElo "1956"]
[BlackElo "1848"]

1. e4 e6 2. d3 d5 3. Nd2 c5 4. Ngf3 Nf6 5. g3 g6 6. Bg2 Bg7 7. O-O O-O 8. Re1 Nc6
9. c3 a5 10. e5 Nd7 11. d4 b5 12. Nf1 cxd4 13. cxd4 Qb6 14. h4 f6 15. Bf4 fxe5
16. dxe5 Ne7 17. Rc1 Nf5 18. Ne3 Bb7 19. Nxf5 gxf5 20. Be3 Qd8 21. Ng5 Ra6 22.
Bf4 h6 23. Nf3 Qb8 24. Bf1 Ba8 25. a4 Ra7 26. axb5 Rc8 27. Rxc8+ Qxc8 28. Qd2
Kh7 29. Nd4 Nc5 30. b6 Rf7 31. Qxa5 Ne4 32. Rc1 Qb8 33. Nxe6 Bxe5 34. Ra1 Bxf4
35. Nxf4 Rg7 36. Bg2 Bc6 37. Rc1 Qd6 38. Qa3 Qd7 39. Qf8 Rg8 40. Qb4 d4 41. Rd1
Rd8 42. Qc4 Ra8 43. Rxd4 Ra1+ 44. Kh2 Qg7 45. Qxc6 Qxd4 46. Qg6+ Kh8 47. Qe8+
Kh7 48. Qf7+ Qg7 49. Qxf5+ Kg8 50. Bxe4 1-0

[Event "Druzynowe Mistrzostwa Polski - II liga"]
[Site "Dom Wczasowy VIS Jastrzebia Gora"]
[Date "1899-12-30"]
[Round "2.79"]
[White "Mroziak, Maciej"]
[Black "Sliwicki, Damian"]
[Result "0-1"]
[WhiteTitle "IM"]
[BlackTitle "CM"]
[WhiteElo "2352"]
[BlackElo "2140"]

1. e4 e5 2. Nf3 Nc6 3. Bb5 a6 4. Bxc6 dxc6 5. d4 exd4 6. Qxd4 Qxd4 7. Nxd4 Nf6
8. f3 Bd7 9. Be3 O-O-O 10. Nd2 b6 11. O-O-O Bc5 12. Nc4 Rhe8 13. Rhe1 h6 14. h3
Nh7 15. a3 a5 16. Rd2 Nf8 17. Red1 a4 18. Nf5 Bxf5 19. Rxd8+ Rxd8 20. Bxc5 Rxd1+
21. Kxd1 Nd7 22. exf5 Nxc5 23. Ne5 f6 24. Nxc6 Kd7 25. Nd4 Kd6 26. Kd2 Kd5 27.
Ke3 Nb7 28. Nb5 Kc6 29. Nd4+ Kd5 30. g4 Na5 31. b3 axb3 32. cxb3 c5 33. Ne6 g5
34. Nf8 Kd6 35. Ne6 Nxb3 36. f4 b5 37. Nd8 Nd4 38. Nf7+ Ke7 39. Nxh6 gxf4+ 40.
Kxf4 b4 41. axb4 cxb4 42. g5 fxg5+ 43. Kxg5 b3 44. f6+ Kf8 0-1

[Event "Druzynowe Mistrzostwa Polski - II liga"]
[Site "Dom Wczasowy VIS Jastrzebia Gora"]
[Date "1899-12-30"]
[Round "2.80"]
[White "Papka, Sebastian"]
[Black "Dzierzak, Radoslaw"]
[Result "1-0"]
[WhiteTitle "k"]
[BlackTitle "FM"]
[WhiteElo "2101"]
[BlackElo "2254"]

1. d4 Nf6 2. c4 e6 3. Nf3 Bb4+ 4. Bd2 a5 5. a3 Bxd2+ 6. Qxd2 O-O 7. Nc3 d6 8. e4
Nc6 9. Be2 e5 10. O-O Bg4 11. d5 Bxf3 12. Bxf3 Nd4 13. Bd1 c6 14. f4 Qb6 15. Kh1
exf4 16. Rxf4 c5 17. Ba4 Qd8 18. Raf1 Nh5 19. R4f2 Qh4 20. Kg1 b6 21. Bd1 Rae8
22. g3 Qh3 23. Qg5 Re5 24. Qd2 Qd7 25. Kg2 Qe7 26. Bxh5 Rxh5 27. Rf4 Re5 28. h4
f6 29. Qd1 Re8 30. Qg4 Kh8 31. Qd1 Qd7 32. a4 Qf7 33. R1f2 Qg6 34. Rf1 h6 35.
R1f2 R8e7 36. Kh2 Re8 37. Rf1 Kh7 38. R1f2 f5 39. exf5 Nxf5 40. Qd3 Nxh4 41. Qf1
Re1 42. Qh3 Rc1 43. Rxh4 Ree1 44. Qg2 Rh1+ 45. Qxh1 Rxh1+ 46. Kxh1 Qxg3 47. Rhf4
Qh3+ 48. Kg1 Qg3+ 49. Kf1 Qd3+ 50. Ke1 h5 51. Re4 Qg3 52. Ref4 Qd3 53. Nd1 Qg3
54. R4f3 Qe5+ 55. Re3 Qd4 56. b3 h4 57. Rf7 Kh6 58. Re6+ Kh5 59. Rf5+ g5 60. Ne3
h3 61. Rff6 Qc3+ 62. Ke2 g4 63. Rh6+ Kg5 64. Reg6+ Kf4 65. Rxg4+ Ke5 66. Re6#
Kxd5 1-0

[Event "Druzynowe Mistrzostwa Polski - II liga"]
[Site "Dom Wczasowy VIS Jastrzebia Gora"]
[Date "1899-12-30"]
[Round "2.81"]
[White "Gola, Karol"]
[Black "Drozdowski, Konrad"]
[Result "1/2-1/2"]
[WhiteTitle "k"]
[BlackTitle "k"]
[WhiteElo "2148"]
[BlackElo "2088"]

1. e4 c5 2. Nf3 e6 3. c3 d5 4. exd5 Qxd5 5. d4 Nf6 6. Be3 Be7 7. Bd3 O-O 8. O-O
Rd8 9. Qe2 Nc6 10. Bc4 Qh5 11. dxc5 Bxc5 12. Bxc5 Qxc5 13. Nbd2 b6 14. Nb3 Qe7
15. Rad1 Bb7 16. Rfe1 h6 17. Nbd4 Nxd4 18. Nxd4 Kh8 19. Nf3 Rxd1 20. Rxd1 Rd8
21. Rxd8+ Qxd8 22. Ne5 Qc7 1/2-1/2

[Event "Druzynowe Mistrzostwa Polski - II liga"]
[Site "Dom Wczasowy VIS Jastrzebia Gora"]
[Date "1899-12-30"]
[Round "2.82"]
[White "Zielinski, Olgierd"]
[Black "Duda, Lukasz"]
[Result "1/2-1/2"]
[WhiteTitle "I+"]
[BlackTitle "k++"]
[WhiteElo "1800"]
[BlackElo "2115"]

1. e4 e6 2. d4 d5 3. Nc3 Bb4 4. exd5 exd5 5. Bd3 Nf6 6. Nge2 O-O 7. O-O h6 8. a3
Bxc3 9. Nxc3 c6 10. h3 Re8 11. Re1 Rxe1+ 12. Qxe1 Nbd7 13. Ne2 Nf8 14. c3 Bd7
15. Ng3 Qc7 16. Be3 Re8 17. Qd2 Ne4 18. Nxe4 dxe4 19. Bc2 Ng6 20. b4 Kh7 21. Rf1
f5 22. f4 Be6 23. Bxe4 fxe4 24. f5 Bc4 25. fxg6+ Kxg6 26. Rf4 a5 27. Qf2 Qd7 28.
Qh4 Bd5 29. g4 Qe7 30. Qh5+ Kh7 31. Rf5 Rf8 32. Rxf8 1/2-1/2

[Event "Druzynowe Mistrzostwa Polski - II liga"]
[Site "Dom Wczasowy VIS Jastrzebia Gora"]
[Date "1899-12-30"]
[Round "2.83"]
[White "Kalmuk, Krzysztof"]
[Black "Lewandowski, Marek"]
[Result "1-0"]
[WhiteTitle "I++"]
[BlackTitle "I+"]
[WhiteElo "1997"]
[BlackElo "1758"]

1. Nf3 d5 2. b3 c5 3. Bb2 Nc6 4. e3 Bg4 5. h3 Bxf3 6. Qxf3 e6 7. Bb5 Rc8 8. O-O
Nf6 9. d3 Be7 10. Nd2 O-O 11. Bxc6 Rxc6 12. a4 Qd7 13. Rad1 Rd8 14. e4 Ne8 15.
Qe2 a6 16. Nf3 Rcc8 17. Rfe1 Bf6 18. Bxf6 Nxf6 19. e5 Ne8 20. c4 Nc7 21. d4 cxd4
22. Rxd4 Qe7 23. Rc1 h6 24. Qc2 Ne8 25. Qd2 Nc7 26. Rd1 Rf8 27. Qa5 Rfd8 28. Qb6
Ne8 29. cxd5 Rxd5 30. Rxd5 exd5 31. Rxd5 Qc7 32. Qd4 Qc3 33. Rd7 Qxd4 34. Nxd4
Rb8 35. a5 Kf8 36. f4 g6 37. e6 f5 38. e7+ Kf7 39. Rd8 1-0

[Event "Druzynowe Mistrzostwa Polski - II liga"]
[Site "Dom Wczasowy VIS Jastrzebia Gora"]
[Date "1899-12-30"]
[Round "2.84"]
[White "Mackiewicz, Anna"]
[Black "Pisarek, Elzbieta"]
[Result "0-1"]
[WhiteTitle "k+"]
[BlackTitle "I++"]
[WhiteElo "1850"]
[BlackElo "1788"]

1. Nf3 c5 2. c4 Nf6 3. Nc3 Nc6 4. g3 d5 5. cxd5 Nxd5 6. Bg2 Nb6 7. O-O e5 8. d3
Be7 9. b3 O-O 10. Bb2 f5 11. Rc1 Be6 12. Nb5 a6 13. Na3 Bd6 14. Qd2 f4 15. gxf4
exf4 16. Nc4 Nxc4 17. bxc4 Qe7 18. d4 Bg4 19. dxc5 Bxc5 20. Qd5+ Kh8 21. h3 Bf5
22. Qd2 Be4 23. Qc3 Rad8 24. Kh2 Nd4 25. Nxd4 Bxd4 26. Qa3 Bc5 27. Qc3 Bxg2 28.
Kxg2 Bd4 29. Qc2 f3+ 30. exf3 Qg5+ 31. Kh2 Qf4+ 32. Kg2 Qxf3+ 33. Kh2 Qf4+ 34.
Kg2 Qg5+ 35. Kh2 Qe5+ 36. f4 Rxf4 37. Rxf4 Qxf4+ 38. Kg2 Bxb2 39. Rd1 Qg5+ 40.
Kh1 Rxd1+ 41. Qxd1 Qc1 42. Kg2 0-1

[Event "Druzynowe Mistrzostwa Polski - II liga"]
[Site "Dom Wczasowy VIS Jastrzebia Gora"]
[Date "1899-12-30"]
[Round "2.85"]
[White "Klepek, Witold"]
[Black "Sopur, Lech"]
[Result "1/2-1/2"]
[WhiteTitle "k++"]
[BlackTitle "m"]
[WhiteElo "2182"]
[BlackElo "2411"]

1. e4 c5 2. Nf3 g6 3. d4 cxd4 4. Nxd4 Nc6 5. c4 Bg7 6. Be3 Nf6 7. Nc3 O-O 8. Be2
d6 9. Rc1 Nxd4 10. Bxd4 Bd7 11. O-O Bc6 12. Qd3 a5 13. c5 e5 14. Be3 dxc5 15.
Bxc5 Qxd3 16. Bxd3 Rfd8 17. Rcd1 Rdc8 18. Bb6 Bf8 19. f3 Bb4 20. Rc1 Nd7 21. Bf2
Bc5 22. Bb5 Bxf2+ 23. Kxf2 Bxb5 24. Nxb5 Nc5 25. Ke3 Ne6 26. g3 Rd8 27. f4 exf4+
28. gxf4 Rd7 29. f5 gxf5 30. exf5 Ng7 31. Rcd1 Nxf5+ 32. Kf4 Rad8 33. Rxd7 Rxd7
34. Ke5 Ne7 35. Nd6 Nc6+ 36. Kd5 Nb4+ 37. Ke5 Nd3+ 38. Kd5 Kf8 39. b3 Nb4+ 40.
Ke5 Nd3+ 41. Kd5 Nb4+ 42. Ke5 Nxa2 43. Nf5 Nc3 44. Rf3 Rd5+ 45. Kf4 Nb5 46. Ke4
Rd7 47. Ke5 Nc7 48. Rc3 Ne6 49. Nd6 Nd8 50. Nf5 Nc6+ 51. Kf6 Ne7 52. Rc1 Rd5 53.
Nxe7 Rd6+ 54. Ke5 Kxe7 55. Rc7+ Rd7 56. Rc5 b6 57. Rc6 b5 58. Rb6 b4 59. Rb5 Rd3
60. Rxa5 Rxb3 61. Rb5 Kf8 62. h4 Kg7 63. Kf5 Rb1 64. Kg5 b3 65. Rb7 Rg1+ 66. Kh5
Rg3 67. Rb5 Rd3 68. Kg5 Re3 69. Kf4 Rd3 70. Kg5 Rc3 71. Kh5 Rg3 72. Rb7 Kf6 73.
Kh6 Rh3 74. h5 Ke6 75. Rb5 Kd6 76. Kg7 Kc6 77. Rb8 Rxh5 78. Rxb3 f5 79. Rd3 Rh1
80. Kf6 Rf1 81. Ke5 f4 82. Ke4 h5 83. Rf3 1/2-1/2

[Event "Druzynowe Mistrzostwa Polski - II liga"]
[Site "Dom Wczasowy VIS Jastrzebia Gora"]
[Date "1899-12-30"]
[Round "2.86"]
[White "Miturova, Magdalena"]
[Black "Zarnowski, Krzysztof"]
[Result "0-1"]
[WhiteTitle "WIM"]
[BlackTitle "I++"]
[WhiteElo "2219"]
[BlackElo "2050"]

1. e4 c5 2. Nf3 e6 3. d4 cxd4 4. Nxd4 a6 5. Nc3 Qc7 6. g3 b5 7. Bg2 Bb7 8. O-O
Nf6 9. Re1 d6 10. a4 bxa4 11. Nd5 Nxd5 12. exd5 e5 13. f4 Be7 14. Nf5 Bf6 15.
fxe5 dxe5 16. Qg4 g6 17. Qxa4+ Nd7 18. Nh6 Bxd5 19. Bxd5 Qc5+ 20. Be3 Qxd5 21.
Rad1 Qe6 22. Rd2 Be7 23. c4 Rc8 24. Red1 Rc7 25. c5 f5 26. b4 g5 27. Rd6 Bxd6
28. Rxd6 Qc4 29. Rxa6 f4 30. Ra8+ Ke7 31. Rxh8 fxe3 32. Nf5+ Kf6 33. Nxe3 Qd3
34. Nf1 Qd4+ 35. Kg2 Qe4+ 36. Kg1 Qd4+ 37. Kg2 Nxc5 38. Qa2 Ne6 39. b5 Qe4+ 40.
Kg1 Rc2 41. Qa8 Qd4+ 42. Kh1 Qf2 43. Rf8+ Nxf8 44. Qxf8+ Ke6 45. Qe8+ Kd5 46.
Qd7+ Kc4 47. Qc7+ Kb3 0-1

[Event "Druzynowe Mistrzostwa Polski - II liga"]
[Site "Dom Wczasowy VIS Jastrzebia Gora"]
[Date "1899-12-30"]
[Round "2.88"]
[White "Flis, Pawel"]
[Black "Slezinski, Nikodem"]
[Result "1/2-1/2"]
[WhiteTitle "CM"]
[BlackTitle "I++"]
[WhiteElo "1936"]
[BlackElo "1985"]

1. e4 e5 2. Nf3 Nc6 3. Nc3 Nf6 4. d4 exd4 5. Nxd4 Bb4 6. Nxc6 bxc6 7. Bd3 d5 8.
exd5 O-O 9. O-O Bg4 10. f3 Bh5 11. dxc6 Qd4+ 12. Kh1 Bxc3 13. bxc3 Qxc3 14. Bg5
Qxc6 15. Qd2 Bg6 16. Bxg6 1/2-1/2